00322pab a2200121 454500008004000000100001800040245005700058260000900115300001300124362000800137650001800145773003700163180718b2000 xxu||||| |||| 00| 0 eng d aPatel, Vikram aCulture and the mental health consequences of trauma c2000 ap.619-30 aOct aMental health aIndian Journal of Social Welfare